Statistics for 100 Best Male Footballers 2021

Click here to take the quiz!

General Stats

  • This quiz has been taken 54,902 times
  • The average score is 41 of 100

Answer Stats

#ClubPlayer% Correct
2Paris Saint-GermainLionel Messi
98%
6Paris Saint-GermainKylian Mbappé
96%
8Manchester UnitedCristiano Ronaldo
95%
3LiverpoolMohamed Salah
92%
13Paris Saint-GermainNeymar
89%
1Bayern MunichRobert Lewandowski
88%
4Real MadridKarim Benzema
86%
7Borussia DortmundErling Haaland
85%
15Tottenham HotspurHarry Kane
83%
10Manchester CityKevin De Bruyne
78%
23LiverpoolSadio Mané
70%
9ChelseaN'Golo Kanté
69%
39Tottenham HotspurSon Heung-min
67%
11ChelseaRomelu Lukaku
65%
58ChelseaThiago Silva
61%
40Real MadridLuka Modric
60%
45Manchester CityBernardo Silva
59%
47ChelseaKai Havertz
59%
43LiverpoolVirgil van Dijk
59%
28Bayern MunichThomas Müller
57%
12Paris Saint-GermainGianluigi Donnarumma
56%
31Real MadridVinícius Júnior
56%
5ChelseaJorginho
55%
76Atlético MadridAntoine Griezmann
54%
20ChelseaÉdouard Mendy
54%
36Bayern MunichManuel Neuer
53%
14Manchester CityRúben Dias
53%
16Manchester UnitedBruno Fernandes
51%
75Manchester CityEderson
51%
18Bayern MunichJoshua Kimmich
51%
29Manchester CityRaheem Sterling
51%
27ChelseaMason Mount
49%
65Real MadridToni Kroos
49%
19Atlético MadridLuis Suárez
48%
67LiverpoolAlisson
47%
87PortoLuis Díaz
47%
30Inter MilanLautaro Martínez
46%
37Paris Saint-GermainMarco Verratti
46%
53Real MadridThibaut Courtois
46%
21BarcelonaPedri
45%
25Manchester CityPhil Foden
44%
56AC MilanZlatan Ibrahimovic
44%
52Aston VillaEmiliano Martínez
43%
34LiverpoolTrent Alexander-Arnold
43%
61Manchester CityJack Grealish
42%
69Manchester UnitedPaul Pogba
42%
60Manchester CityRiyad Mahrez
41%
48ChelseaAntonio Rüdiger
40%
44Paris Saint-GermainMarquinhos
40%
32Paris Saint-GermainÁngel Di María
39%
74Manchester CityKyle Walker
38%
80LiverpoolRoberto Firmino
38%
38Paris Saint-GermainAchraf Hakimi
37%
68Real MadridCasemiro
37%
63Manchester CityJoão Cancelo
37%
92Manchester CityRodri
37%
33Atlético MadridJan Oblak
36%
84Atlético MadridJoão Félix
36%
72Borussia DortmundJude Bellingham
36%
17JuventusFederico Chiesa
35%
24JuventusGiorgio Chiellini
35%
70ChelseaReece James
35%
66LazioCiro Immobile
34%
57FiorentinaDusan Vlahovic
34%
22JuventusLeonardo Bonucci
34%
41Bayern MunichSerge Gnabry
34%
98BarcelonaGavi
31%
35Manchester CityIlkay Gündogan
31%
42Bayern MunichAlphonso Davies
30%
59West Ham UnitedDeclan Rice
29%
64Bayern MunichLeon Goretzka
29%
95ArsenalBukayo Saka
28%
55Real MadridDavid Alaba
28%
94Paris Saint-GermainKeylor Navas
26%
62NapoliLorenzo Insigne
25%
51VillarealGerard Moreno
24%
97LiverpoolFabinho
23%
26Inter MilanNicolò Barella
22%
82BarcelonaSergio Busquets
22%
50ChelseaCésar Azpilicueta
20%
88LiverpoolDiogo Jota
20%
49BarcelonaMemphis Depay
20%
89AjaxDusan Tadic
19%
91River PlateJulián Álvarez
18%
78Manchester UnitedLuke Shaw
18%
83AtalantaDuván Zapata
17%
77Leicester CityKasper Schmeichel
17%
99Leicester CityYouri Tielemans
16%
93AjaxSébastien Haller
14%
71Atlético MadridMarcos Llorente
12%
86Real SociedadMikel Oyarzabal
11%
46Atlético MadridRodrigo De Paul
11%
81Inter MilanMarcelo Brozovic
10%
79Bayer LeverkusenPatrik Schick
10%
85LilleBurak Yilmaz
9%
100Tottenham HotspurPierre-Emile Højbjerg
9%
54AC MilanSimon Kjær
9%
73RomaLeonardo Spinazzola
8%
90RB LeipzigDani Olmo
7%
96AtalantaJoakim Mæhle
3%

Score Distribution

Percentile by Number Answered

Percent of People with Each Score

Your Score History

You have not taken this quiz